00472nam a2200169Ia 4500003000900000008004100009020001800050040001600068080001900084100002500103245007200128260004000200300001000240650001400250650002400264700001400288IN-BaIIA211028s9999 xx 000 0 eng d a81-7371-146-1 cIIA Library a[8]:01:00bABD aAbdul Kalam, A. P. J 0aWings of fireban autobiographycA. P. J. Abdul Kalam and A. Tiwari aHyderabadbUniversities Pressc2002 a180p. aBiography aScientist-biography aTiwari, A